Emerging stock markets : a complete investment guide to new markets around the world

Bibliographic Details
Main Author: Price, Margaret
Format: Book
Published: New York : McGraw-Hill , 1994
Subjects:

MARC

LEADER 00000cam a2200000 7i4500
001 0000003083
002 000003336
005 20000330.0
020 |a 0070510490 
090 0 0 |a 332.673   |b PRI 
100 1 |a Price, Margaret 
245 1 0 |a Emerging stock markets :   |b a complete investment guide to new markets around the world   |c Margaret M.Price 
260 |a New York :   |b McGraw-Hill ,   |c 1994 
300 |a 414 p. ;   |c 23 cm. 
650 0 0 |a Investments, Foregin   |x Handbooks, manuals, etc 
650 0 0 |a Stock   |x Handbooks, manuals, etc 
999 |a 036640   |b BUKU   |c PINJAMAN   |e PERPUSTAKAAN KOMUNITI PETALING JAYA 
999 |a 039059   |b BUKU   |c PINJAMAN   |e PERPUSTAKAAN KOMUNITI PETALING JAYA